00778nam a22002177a 4500003001100000005001700011008004100028040003900069041000800108082001600116110004100132245010300173260005800276300002400334650003400358650003400392700002100426942000700447952009100454999001500545LK-CoMWRAF20240120122130.0240107b2001 |||||||| |||| 00| 0 eng d aLK-CoMWRAFdLK-CoMWRAFeLK-CoMWRAF aeng a305.23bSOU aSouth Asia Partnership International aCommercial sexual exploitation of children :b a review of south Asia - Sri Lanka perspective 2001 aColombo:bSouth Asia Partnership International,c2001 a81 p.: ill. ; 30 cm aChild prostitution -Sri Lanka aChild sexual abuse- Sri Lanka aFernando, Mihiri cBK 00104070aMAINbMAINd2024-01-07l0o305.23 SOUpRAF4693r2024-01-07w2024-01-07yBK c4602d4602